CARGADOR (Registro nro. 13581)
[ vista simple ]
| 000 -Cabecera | |
|---|---|
| Campo de control de longitud fija | 00205npm a22000977a 4500 |
| 005 - Fecha y hora de la última transacción | |
| Campo de control | 20241001153734.0 |
| 008 - Elementos de longitud fija--Información general | |
| Campo de control de longitud fija | 230529b |||||||| |||| 00| 0 spa d |
| 082 ## - Clasificación Decimal Dewey | |
| Número de clasificación | CG |
| 245 ## - Título propiamente dicho | |
| Título | CARGADOR |
| 942 ## - Punto de acceso adicional KOHA | |
| Fuente del sistema de clasificación o colocación | Dewey Decimal Classification |
| Tipo de ítem KOHA | Cargador |
| Signatura completa | Código de barras | Tipo de ítem |
|---|---|---|
| CG | CG01 | Cargador |